000 005500000a22001810004500
001 768714001
003 CO-MdFUSB
005 20170505150848.0
008 170505s1999 sp ||||| |||| 00| 0 spa d
040 _aCO-MdFUSB
_bspa
_cCO-MdFUSB
_dCO-MdFUSB
041 _aspa
100 1 _aBurt, David F.
_eautor
245 1 0 _aConocimiento de Dios y revelación divina
300 _aVolumen 2, (1999) Páginas 29 - 34
_c21 cm.
546 _aTexto en español
773 0 _tAndamio
_049451
_960427
_gVolumen 2, (1999) Páginas 29 - 34
_qPágina 29
942 _cANA
999 _c49854
_d49854